| 000 | 00421nam a22001697a 4500 | ||
|---|---|---|---|
| 001 | BT-PhCST | ||
| 003 | BT-PhCST | ||
| 005 | 20190204171518.0 | ||
| 008 | 150724b xxu||||| |||| 00| 0 eng d | ||
| 040 |
_aBT-PhCST _cBT-PhCST _dBT-PhCST |
||
| 050 | _a2907 | ||
| 082 |
_222 _a551.48 |
||
| 100 | _aBhagitath Lal Gupta | ||
| 245 | _aEngineering Hydrology / | ||
| 300 |
_avii, 379 p. ; _bill. _c23 cm. |
||
| 942 |
_2ddc _cCIVIL _01 |
||
| 999 |
_c5834 _d5834 |
||